[Event "Let's Play Chess!"]
[Site "http://www.queenalice.com/game.php?id=1851753"]
[Date "2025.2.8"]
[Round "-"]
[White "igor12345"]
[Black "Mlintz"]
[Result "0-1"]
[WhiteElo "2033"]
[BlackElo "1992"]

1. e4 e5 2. f4 exf4 3. Nf3 Be7 4. Bc4 Bh4+ 5. Ke2 d6 6. d3 Bg4 7. Bxf4 Nd7 8.
Bg3 Bxg3 9. hxg3 Ne5 10. Bb3 Qe7 11. Qf1 Nf6 12. Nd2 b5 13. Re1 c5 14. Kd1 a5
15. Kc1 a4 16. Bd5 Rb8 17. Nh2 Be6 18. Bxe6 Qxe6 19. Kb1 b4 20. Nc4 b3 21. a3
bxc2+ 22. Kxc2 Rb3 23. Rd1 O-O 24. Nf3 h6 25. Qe2 Nxc4 26. dxc4 Rfb8 27. Rb1
Qxe4+ 28. Qxe4 Nxe4 29. Rhd1 f5 30. Rd3 Rxd3 31. Kxd3 Nxg3 32. Nd2 Re8 33. Nf1
Ne2 34. Ne3 Nf4+ 35. Kd2 g6 36. Rf1 Ne6 37. Nd5 Nd4 38. Nf6+ Kf8 39. Nxe8 Kxe8
40. Re1+ Kf7 41. Rh1 h5 42. Kc3 Kf6 43. Rd1 Ke7 44. Rxd4 cxd4+ 45. Kxd4 Ke6 46.
Kc3 Ke5 47. Kb4 d5 48. cxd5 Kxd5 49. Kxa4 g5 50. Kb5 f4 51. a4 g4 52. a5 f3 53.
a6 f2 54. a7 f1=Q+ 55. Kb6 Qf6+ 56. Kb7 Qc6+ 57. Kb8 Kd6 58. a8=Q Qc7# 0-1

[Event "Challenge"]
[Site "http://www.queenalice.com/game.php?id=1851799"]
[Date "2025.2.9"]
[Round "-"]
[White "Mlintz"]
[Black "Capixaba789"]
[Result "1-0"]
[WhiteElo "1978"]
[BlackElo "1936"]

1. e4 e5 2. Nf3 d6 3. c3 c5 4. Be2 Nc6 5. O-O Nf6 6. d3 Be7 7. h3 Bd7 8. b3 O-O
9. Bb2 a6 10. a4 Qc8 11. Nh2 Be6 12. f4 exf4 13. Rxf4 Ne5 14. Na3 Nc6 15. Nc4
Bxc4 16. bxc4 Ne5 17. Ng4 a5 18. d4 Ng6 19. Nxf6+ Bxf6 20. Rf1 Re8 21. Qc2 Qe6
22. Bf3 Rab8 23. d5 Qe5 24. Rae1 Nf4 25. Kh1 Bh4 26. Rd1 Bg3 27. Bc1 g5 28. Be3
f5 29. Bxf4 gxf4 30. exf5 Rf8 31. Be4 Rbe8 32. Bd3 h5 33. Rd2 h4 34. Re2 Qf6 35.
Re6 Qg5 36. Rg6+ Qxg6 37. fxg6 Re3 38. Bf5 Rfe8 39. Be6+ Kg7 40. Qf5 1-0

[Event "Challenge"]
[Site "http://www.queenalice.com/game.php?id=1851800"]
[Date "2025.2.9"]
[Round "-"]
[White "Capixaba789"]
[Black "Mlintz"]
[Result "1-0"]
[WhiteElo "1862"]
[BlackElo "1952"]

1. d4 e6 2. e4 d5 3. e5 c5 4. c3 Qc7 5. Nf3 Nc6 6. Be2 h6 7. O-O c4 8. Be3 Nge7
9. Nbd2 a5 10. a3 b5 11. Re1 Ng6 12. Nf1 Be7 13. Ng3 a4 14. Qc2 Na5 15. Bd1 Nb3
16. Rb1 Nh4 17. Nxh4 Bxh4 18. Nh5 g6 19. Nf4 Be7 20. Nxg6 fxg6 21. Qxg6+ Kd7 22.
Bg4 Qc6 23. h3 Kc7 24. Bxh6 Bd7 25. Be3 Rag8 26. Qc2 Bc8 27. f4 Qe8 28. Rf1 Qf7
29. Rf2 Bh4 30. Rf3 Rf8 31. Rbf1 Qe8 32. f5 exf5 33. Bxf5 Be7 34. Bxc8 Rxf3 35.
Rxf3 Qxc8 36. Qf2 Rf8 37. Bf4 Na5 38. Qg3 Kb6 39. Qg6+ Nc6 40. Rf1 Ka5 41. g4
Rg8 42. Qc2 Bh4 43. Kg2 Ne7 44. Rf3 Nf5 45. Bh2 Ne7 46. Qh7 Rh8 47. Qf7 Qe8 48.
Qxe8 Rxe8 49. Bg3 Ng6 50. Rf7 Bxg3 51. Kxg3 Ne7 52. h4 Kb6 53. Kf4 Nc6 54. h5
Nd8 55. Rf6+ Kc7 56. g5 Ne6+ 57. Rxe6 Rxe6 58. Kf5 Kd7 59. h6 Re8 60. g6 Rf8+
61. Kg5 Ke7 62. g7 1-0

[Event "Challenge"]
[Site "http://www.queenalice.com/game.php?id=1851803"]
[Date "2025.2.9"]
[Round "-"]
[White "Mlintz"]
[Black "PaulMSains"]
[Result "0-1"]
[WhiteElo "2012"]
[BlackElo "1967"]

1. e4 e5 2. Nf3 Nc6 3. Bc4 h6 4. c3 Bc5 5. a4 Nf6 6. b4 Be7 7. d3 O-O 8. h3 a6
9. Nh2 d6 10. Qf3 Be6 11. Ba2 Bxa2 12. Rxa2 Nh7 13. Qe2 d5 14. exd5 Qxd5 15. O-O
Rad8 16. Rd1 e4 17. d4 Qf5 18. Nd2 Nf6 19. g4 Qe6 20. Ndf1 Nd5 21. Rc2 Nf4 22.
Qe3 Bg5 23. Qg3 Qd6 24. h4 Bxh4 25. Qxf4 Qd7 26. f3 Bg5 27. Qxe4 Rfe8 28. Qd3
Bf6 29. a5 Re6 30. Re1 Rd6 0-1

[Event "Challenge"]
[Site "http://www.queenalice.com/game.php?id=1851804"]
[Date "2025.2.9"]
[Round "-"]
[White "PaulMSains"]
[Black "Mlintz"]
[Result "1-0"]
[WhiteElo "1985"]
[BlackElo "1994"]

1. Nf3 b6 2. g3 Bb7 3. Bg2 c5 4. O-O Nf6 5. d3 e6 6. Bf4 d5 7. Bxb8 Rxb8 8. e3
Be7 9. Nbd2 O-O 10. Re1 Bd6 11. e4 dxe4 12. dxe4 Qc7 13. e5 Bxf3 14. exd6 Bxd1
15. dxc7 Rbc8 16. Raxd1 Rxc7 17. Ne4 Nd5 18. c4 Ne7 19. b3 Nc6 20. a3 Nd4 21.
Rd3 Rd7 22. Red1 Rfd8 23. b4 Ne2+ 24. Kf1 Nxg3+ 25. Nxg3 Rxd3 26. Ra1 Rd1+ 27.
Rxd1 Rxd1+ 28. Ke2 Ra1 29. bxc5 bxc5 30. Ne4 Rxa3 31. Nxc5 Rc3 32. Nb7 Rxc4 33.
h3 f5 34. Nd8 e5 35. Bd5+ 1-0

[Event "Challenge"]
[Site "http://www.queenalice.com/game.php?id=1851805"]
[Date "2025.2.9"]
[Round "-"]
[White "Mlintz"]
[Black "sasquatico"]
[Result "0-1"]
[WhiteElo "1961"]
[BlackElo "1805"]

1. e4 e5 2. Nf3 d6 3. Bc4 Qf6 4. d4 Bg4 5. c3 Bxf3 6. gxf3 exd4 7. cxd4 Nd7 8.
Nc3 Ne7 9. Be3 a6 10. a4 b6 11. Qe2 c6 12. f4 Ng6 13. Qd2 Be7 14. d5 c5 15. Qd3
O-O 16. Bxa6 Nxf4 17. Bxf4 Qxf4 18. Bb5 Ne5 19. Qe2 Nf3+ 20. Kd1 Nxh2 21. Kc2
Ng4 22. Raf1 Ne5 23. Qh5 h6 24. Rhg1 Bg5 25. Qd1 Nf3 26. Rg3 Nd4+ 27. Kd3 Nxb5
28. Nxb5 Rxa4 29. Qxa4 Qd2+ 30. Kc4 Qe2+ 31. Kb3 Qxf1 32. Qc4 Qxf2 33. Qd3 Bf6
34. Nc3 Be5 35. Rf3 c4+ 36. Kxc4 Rc8+ 37. Kb3 Qc5 38. Na4 Qa5 39. Qe3 Rb8 40.
Nc3 b5 41. Kc2 b4 42. Nd1 b3+ 43. Kd3 Qb5+ 44. Kd2 Qb4+ 45. Ke2 Qc4+ 46. Kf2 Bd4
0-1

[Event "Challenge"]
[Site "http://www.queenalice.com/game.php?id=1851806"]
[Date "2025.2.9"]
[Round "-"]
[White "sasquatico"]
[Black "Mlintz"]
[Result "0-1"]
[WhiteElo "1817"]
[BlackElo "1929"]

1. d4 e6 2. e4 d5 3. e5 c5 4. Bb5+ Bd7 5. Bxd7+ Qxd7 6. Nf3 Nc6 7. Be3 cxd4 8.
Bxd4 Nxd4 9. Qxd4 Ne7 10. Nc3 Nc6 11. Qa4 a6 12. O-O-O Be7 13. Ne4 O-O 14. c4
Qc8 15. Nd6 Qc7 16. c5 Nxe5 17. Nxb7 Nxf3 18. gxf3 Qxb7 19. c6 Qb5 20. Qxb5 axb5
21. Kb1 Rfc8 22. Rc1 Ra6 23. f4 Raxc6 24. Rxc6 Rxc6 25. h4 d4 26. f5 e5 27. h5
h6 28. Re1 f6 29. f3 b4 30. f4 Bd8 31. fxe5 fxe5 32. Rxe5 Bc7 33. Rd5 Bf4 34. b3
Be3 35. Rd8+ Kf7 36. Rb8 d3 0-1

[Event "Let's Play Chess!"]
[Site "http://www.queenalice.com/game.php?id=1852133"]
[Date "2025.2.15"]
[Round "-"]
[White "Mlintz"]
[Black "igor12345"]
[Result "1-0"]
[WhiteElo "2010"]
[BlackElo "2015"]

1. e4 c5 2. c3 d5 3. exd5 Qxd5 4. Nf3 Nc6 5. d3 Nf6 6. h3 h6 7. Be2 e5 8. b3 Qd8
9. Bb2 Bd6 10. Nbd2 a6 11. a4 O-O 12. Nc4 Bc7 13. O-O Bf5 14. Re1 Qd7 15. Bf1
Rfd8 16. Nfxe5 Nxe5 17. Nxe5 Bxe5 18. Rxe5 Bxd3 19. Bxd3 Qxd3 20. Qxd3 Rxd3 21.
Rxc5 Rd2 22. Ba3 Rb8 23. f3 b6 24. Rc6 a5 25. Re1 Ra2 26. Bd6 Rb7 27. Rb1 Nd5
28. c4 Ne3 29. g4 f5 30. Bf4 Nc2 31. Rc7 Rxc7 32. Bxc7 Nd4 33. Bxb6 Nxf3+ 34.
Kf1 Nd2+ 35. Ke2 Nxb1+ 36. Kd3 fxg4 37. hxg4 Rg2 38. c5 Rxg4 39. c6 Rg6 40. c7
Rc6 41. Bxa5 Kf7 42. b4 Ke7 43. b5 Rc1 44. b6 Kd7 45. b7 Rxc7 46. b8=Q 1-0

[Event "Let's Play Chess!"]
[Site "http://www.queenalice.com/game.php?id=1852134"]
[Date "2025.2.15"]
[Round "-"]
[White "igor12345"]
[Black "Mlintz"]
[Result "1/2-1/2"]
[WhiteElo "1995"]
[BlackElo "2013"]

1. e4 c5 2. Nf3 d6 3. d4 cxd4 4. Nxd4 g6 5. Be3 Bg7 6. c3 a6 7. Bc4 Nf6 8. Nd2
O-O 9. f3 Bd7 10. a3 Nc6 11. O-O e5 12. Nc2 Be6 13. Nb4 Nxb4 14. axb4 b5 15. Bb3
d5 16. exd5 Bxd5 17. Qc2 Re8 18. Bf2 g5 19. Rfe1 Bxb3 20. Nxb3 Qc7 21. Nc5 Nd7
22. Ne4 h6 23. h4 f6 24. Rad1 Kh8 25. hxg5 fxg5 26. Nd6 Rf8 27. Nf5 Rae8 28.
Nxg7 Kxg7 29. Bg3 Qc6 30. Qd3 Rf7 31. Bf2 Nb8 32. Bc5 Rd7 33. Qe2 Rxd1 34. Rxd1
Nd7 35. Rd6 Qc8 36. Bf2 Nf6 37. Qd3 Re7 38. Rd8 Qe6 39. Rd6 Qc8 40. Bg3 Re6 41.
Kh2 Qe8 42. b3 Qe7 43. Rd8 Qf7 44. c4 e4 45. fxe4 Nxe4 46. Rd7 Re7 47. Be5+ Nf6
48. Rxe7 Qxe7 49. Qd4 Kf7 50. Bxf6 Qxf6 51. Qxf6+ Kxf6 52. Kg3 bxc4 53. bxc4 h5
54. Kf3 Ke5 55. Ke3 h4 56. b5 axb5 57. cxb5 g4 58. b6 Kd6 59. Kf4 h3 60. gxh3
gxh3 61. b7 Kc7 62. Kg3 Kxb7 1/2-1/2

[Event "Let's Play Chess!"]
[Site "http://www.queenalice.com/game.php?id=1852180"]
[Date "2025.2.21"]
[Round "-"]
[White "Mlintz"]
[Black "igor12345"]
[Result "0-1"]
[WhiteElo "1964"]
[BlackElo "2054"]

1. e4 c5 2. Nc3 d6 3. b3 Nf6 4. Bb2 e5 5. d3 Be7 6. h3 Nc6 7. Nf3 a6 8. a4 b6 9.
Nd5 O-O 10. Nxe7+ Qxe7 11. c3 Bb7 12. Be2 Nd7 13. O-O f5 14. exf5 Rxf5 15. g4
Rf6 16. Bc1 h6 17. g5 hxg5 18. Nxg5 Rg6 19. h4 Rf8 20. Kh2 d5 21. f3 Nd8 22. Rh1
Ne6 23. Rg1 Nf4 24. Rg4 Nxe2 25. Qxe2 Nf6 26. Bd2 Nxg4+ 27. fxg4 e4 28. Rg1 Rgf6
29. Rg2 Re8 30. dxe4 dxe4 31. Qc4+ Kh8 32. Be3 Qe5+ 33. Kh3 Ref8 34. h5 Rf3+ 35.
Nxf3 Rxf3+ 36. Kh4 Rxe3 37. Qf1 Rf3 38. Rf2 Qf6+ 39. g5 Qf4# 0-1

[Event "Let's Play Chess!"]
[Site "http://www.queenalice.com/game.php?id=1852181"]
[Date "2025.2.21"]
[Round "-"]
[White "igor12345"]
[Black "Mlintz"]
[Result "1-0"]
[WhiteElo "2020"]
[BlackElo "1996"]

1. e4 d6 2. d4 Nf6 3. Nc3 c6 4. Nf3 e6 5. a3 a5 6. Bd3 b5 7. Bg5 Be7 8. O-O O-O
9. b4 a4 10. h3 Nfd7 11. Be3 Bb7 12. Bf4 f6 13. Qe2 e5 14. Be3 exd4 15. Nxd4 Ne5
16. f4 Nxd3 17. cxd3 Qc8 18. Rac1 Re8 19. Qf2 Qd7 20. Nf5 Bf8 21. Rfd1 d5 22.
Nd4 Qf7 23. exd5 c5 24. Ndxb5 cxb4 25. axb4 1-0

[Event "Challenge"]
[Site "http://www.queenalice.com/game.php?id=1852281"]
[Date "2025.2.15"]
[Round "-"]
[White "jogo"]
[Black "Mlintz"]
[Result "1-0"]
[WhiteElo "1924"]
[BlackElo "2033"]

1. e4 e5 2. d4 exd4 3. Qxd4 Nc6 4. Qe3 d6 5. a3 Nf6 6. h3 Be7 7. Bd2 O-O 8. c4
Re8 9. Nc3 a6 10. O-O-O Na7 11. g4 g6 12. g5 Nh5 13. Be2 Ng7 14. h4 b6 15. Nd5
Bb7 16. Bc3 Bxd5 17. cxd5 c6 18. Qd4 Bf8 19. f4 c5 20. Qe3 Nf5 21. Qd3 Nd4 22.
Bxd4 cxd4 23. Qxd4 Nb5 24. Bxb5 axb5 25. h5 Bg7 26. Qd3 Qc8+ 27. Kb1 Qa6 28.
hxg6 fxg6 29. Qh3 h5 30. gxh6 Bh8 31. h7+ Kf7 32. Nf3 Qc8 33. Ng5+ Ke7 34. Qh4
Kd7 35. Qg4+ Kd8 36. Ne6+ Ke7 37. Rc1 Qb8 38. Rc7+ Qxc7 39. Nxc7 1-0

[Event "Challenge"]
[Site "http://www.queenalice.com/game.php?id=1852282"]
[Date "2025.2.15"]
[Round "-"]
[White "Mlintz"]
[Black "jogo"]
[Result "1/2-1/2"]
[WhiteElo "2038"]
[BlackElo "1916"]

1. e4 e5 2. Nf3 Nf6 3. Bc4 Nxe4 4. Nc3 Nxc3 5. dxc3 Be7 6. Nxe5 O-O 7. Qd5 c6 8.
Qd1 d6 9. Nf3 d5 10. Be2 Re8 11. O-O h6 12. Re1 Bg4 13. Be3 Bf6 14. Nd4 Bxe2 15.
Rxe2 c5 16. Nf3 b6 17. Qd2 Nc6 18. Rae1 d4 19. cxd4 cxd4 20. Bf4 Rxe2 21. Rxe2
g5 22. Bg3 g4 23. Ne1 Bg5 24. Bf4 Bxf4 25. Qxf4 Qg5 26. Nd3 Qxf4 27. Nxf4 Kf8
28. g3 Re8 29. Rxe8+ Kxe8 1/2-1/2

[Event "Xará 5/2025"]
[Site "http://www.queenalice.com/game.php?id=1852284"]
[Date "2025.2.15"]
[Round "-"]
[White "Mlintz"]
[Black "MarcosT"]
[Result "1/2-1/2"]
[WhiteElo "1965"]
[BlackElo "2005"]

1. e4 e5 2. Nf3 Bc5 3. c3 Nf6 4. d3 d5 5. exd5 Qxd5 6. c4 Qd8 7. Be2 Nc6 8. Bg5
O-O 9. Nc3 Be7 10. Qd2 Bg4 11. O-O e4 12. dxe4 Qxd2 13. Bxd2 Rad8 14. Be3 Rfe8
15. h3 Bc8 16. a3 a6 17. Rfd1 h6 18. Nd4 Bc5 19. Nxc6 Rxd1+ 20. Rxd1 Bxe3 21.
fxe3 bxc6 22. Bf3 Nd7 23. Kf2 Ne5 24. Be2 Be6 25. b3 Nd7 26. b4 Ne5 27. c5 Nc4
28. Bxc4 Bxc4 29. Rd7 Rc8 30. Kf3 h5 31. h4 Be6 32. Rd2 Bg4+ 33. Kf4 g6 34. e5
Kg7 35. Ne4 Kf8 36. Nf6 Be6 37. g4 hxg4 38. Nxg4 Kg7 39. Rd4 Rh8 40. Kg3 Rh5 41.
e4 Bxg4 42. Kxg4 Rxe5 43. Kf4 Re7 44. e5 f5 45. a4 Kf7 46. a5 Ke6 47. Rd2 Rh7
48. Rh2 Rh5 49. Kg3 Kxe5 50. Re2+ Kf6 51. Re8 f4+ 52. Kf3 Rxh4 53. Ra8 Kf5 54.
Rxa6 Rh3+ 55. Kf2 Ke4 56. Rxc6 Rh2+ 57. Kg1 Rb2 1/2-1/2

[Event "Jogo 6 (2025)"]
[Site "http://www.queenalice.com/game.php?id=1852285"]
[Date "2025.2.15"]
[Round "-"]
[White "MarcosT"]
[Black "Mlintz"]
[Result "0-1"]
[WhiteElo "2053"]
[BlackElo "1941"]

1. d4 e6 2. e4 d5 3. e5 c5 4. Nf3 cxd4 5. Qxd4 Nc6 6. Bb5 Bd7 7. Qd1 Nxe5 8.
Bxd7+ Nxd7 9. Nc3 Bb4 10. Bd2 Qe7 11. Qe2 Ngf6 12. O-O-O O-O 13. Ne5 Nxe5 14.
Qxe5 Rad8 15. Rhe1 Bd6 16. Qd4 h6 17. g3 a6 18. f3 Bc5 19. Qh4 Qc7 20. Bxh6 gxh6
21. Qxf6 Kh7 22. Re5 Be7 23. Qf4 Bg5 24. Rxg5 Qxf4+ 25. gxf4 hxg5 26. fxg5 Kg6
27. h4 f6 28. Rg1 Rh8 29. Rh1 fxg5 30. Ne2 Rxh4 31. Rg1 e5 32. c3 d4 33. cxd4
exd4 34. Kd2 Kf5 35. Kd3 b5 36. b4 g4 37. Ng3+ Kf4 38. Ne2+ Kxf3 39. Ng3 Kf2 40.
Nf5 Rh3+ 0-1

[Event "Challenge"]
[Site "http://www.queenalice.com/game.php?id=1852459"]
[Date "2025.2.20"]
[Round "-"]
[White "Mlintz"]
[Black "PaulMSains"]
[Result "0-1"]
[WhiteElo "1981"]
[BlackElo "1962"]

1. e4 g6 2. Nf3 Bg7 3. d4 d6 4. Nc3 Bg4 5. Be2 Bxf3 6. Bxf3 Nf6 7. Be3 O-O 8.
O-O c6 9. Qd2 Nbd7 10. Rfe1 e5 11. d5 c5 12. Bh6 a6 13. Bxg7 Kxg7 14. a4 Nb6 15.
b3 a5 16. Nb5 Nc8 17. c4 b6 18. g3 Na7 19. Bg2 Nxb5 20. axb5 h6 21. f4 Nd7 22.
Bh3 Re8 23. f5 g5 24. Qe2 Nf6 25. g4 Rh8 26. Qf3 h5 27. Re2 Qe7 28. Rg2 Rh6 29.
Kf2 Rah8 30. Rh1 hxg4 31. Bxg4 Nxg4+ 32. Qxg4 f6 33. Qe2 Rh3 34. Qc2 Kf8 35. Rg3
Rxh2+ 36. Rxh2 Rxh2+ 37. Rg2 Rxg2+ 38. Kxg2 Qh7 39. Qf2 Qh5 40. Qf3 g4 41. Qe2
Qh3+ 42. Kg1 Kg7 43. Qh2 Qxh2+ 44. Kxh2 Kh6 45. Kg2 Kg5 46. Kg3 Kh5 47. Kg2 Kh4
48. Kh2 g3+ 49. Kg2 Kg4 0-1

[Event "Challenge"]
[Site "http://www.queenalice.com/game.php?id=1852460"]
[Date "2025.2.20"]
[Round "-"]
[White "PaulMSains"]
[Black "Mlintz"]
[Result "0-1"]
[WhiteElo "2011"]
[BlackElo "2022"]

1. Nf3 d5 2. g3 Nc6 3. Bg2 e5 4. d3 Nf6 5. Bg5 Be7 6. O-O O-O 7. Nc3 Be6 8. a3
a6 9. e4 dxe4 10. Nxe4 Nxe4 11. Bxe7 Qxe7 12. dxe4 Rfd8 13. Qc1 h6 14. b3 a5 15.
c4 Nd4 16. Nxd4 Rxd4 17. Rd1 Rad8 18. Rxd4 Rxd4 19. f4 exf4 20. Qxf4 f5 21. Re1
c5 22. Qe5 Qd7 23. exf5 Bxf5 24. Qxc5 Rd1 25. Rf1 Rxf1+ 26. Bxf1 Kh8 27. Qxa5
Qd4+ 0-1

[Event "Challenge"]
[Site "http://www.queenalice.com/game.php?id=1852763"]
[Date "2025.2.24"]
[Round "-"]
[White "jogo"]
[Black "Mlintz"]
[Result "1/2-1/2"]
[WhiteElo "1853"]
[BlackElo "1939"]

1. d4 e6 2. c4 c5 3. d5 exd5 4. cxd5 d6 5. e4 Nf6 6. Bb5+ Bd7 7. Bxd7+ Nbxd7 8.
Nc3 a6 9. Bg5 Be7 10. Nge2 Nxe4 11. Bxe7 Nxc3 12. Nxc3 Qxe7+ 13. Qe2 Ne5 14.
O-O-O O-O 15. Kb1 Qd7 16. f4 Qf5+ 17. Qe4 Qxe4+ 18. Nxe4 Ng4 19. h3 Nh6 20. Nxd6
b5 21. g4 f6 22. Rhe1 Nf7 23. Ne4 Rad8 24. Nxc5 a5 25. Ne6 Nd6 26. Nxd8 Rxd8 27.
Re7 Kf8 28. Rde1 Re8 29. Rxe8+ Nxe8 30. Re6 Nc7 31. Rd6 Ke7 32. Rc6 Nxd5 33. f5
Kd7 34. Rc5 Nc7 35. Rc2 Kd6 36. Rd2+ Nd5 37. Kc2 Kc5 38. a3 g6 39. fxg6 hxg6 40.
Rf2 g5 41. Rf5 Kd4 42. Rxd5+ Kxd5 43. Kd3 Kc5 44. Ke4 Kc4 45. Kf5 Kb3 46. Kxf6
Kxb2 47. Kxg5 Kxa3 48. h4 b4 49. h5 b3 50. h6 b2 51. h7 b1=Q 52. h8=Q Qc1+ 53.
Kg6 Qc2+ 54. Kh6 Qh2+ 55. Kg7 Qb2+ 56. Kg8 Qxh8+ 57. Kxh8 Kb2 58. g5 a4 59. g6
a3 60. g7 a2 61. g8=Q a1=Q 62. Qg7+ Kb1 1/2-1/2

[Event "Challenge"]
[Site "http://www.queenalice.com/game.php?id=1852764"]
[Date "2025.2.24"]
[Round "-"]
[White "Mlintz"]
[Black "jogo"]
[Result "1/2-1/2"]
[WhiteElo "1932"]
[BlackElo "1852"]

1. e4 e5 2. Nf3 Nf6 3. d4 Nxe4 4. Bd3 d5 5. Nxe5 Nf6 6. O-O h6 7. c4 c6 8. Qe2
Be7 9. Re1 Be6 10. cxd5 Bxd5 11. Nc3 O-O 12. Ng6 fxg6 13. Qxe7 Qxe7 14. Rxe7 Rf7
15. Nxd5 Nxd5 16. Re8+ Kh7 17. Bd2 Nf6 18. Rd8 Rd7 19. Rxd7 Nbxd7 20. Re1 Re8
21. Rxe8 Nxe8 22. f4 Nd6 23. Bb4 Nf5 24. Bc3 Nf6 25. b3 Nd5 26. Bb2 Nxf4 27.
Bxf5 gxf5 28. g3 Nd3 29. Bc3 Nc1 30. Bd2 Ne2+ 31. Kf2 Nxd4 32. Ke3 Ne6 33. b4 g5
34. h3 h5 35. a4 Kg6 36. a5 f4+ 37. gxf4 gxf4+ 38. Ke4 Kg5 39. Ke5 Nc7 40. Bxf4+
Kh4 41. Kd6 Nd5 42. Bd2 Kxh3 43. b5 Kg4 44. Be1 Nf4 45. bxc6 bxc6 46. Kxc6 Nd3
47. Kb7 Nxe1 48. Kxa7 h4 49. a6 h3 50. Kb8 h2 51. a7 h1=Q 52. a8=Q Qxa8+ 53.
Kxa8 Nd3 1/2-1/2

[Event "Let's Play Chess!"]
[Site "http://www.queenalice.com/game.php?id=1853661"]
[Date "2025.3.14"]
[Round "-"]
[White "igor12345"]
[Black "Mlintz"]
[Result "0-1"]
[WhiteElo "2014"]
[BlackElo "1942"]

1. e4 c5 2. Nf3 d6 3. d4 Nf6 4. Bd3 e6 5. dxc5 dxc5 6. Bg5 e5 7. Nc3 Bd6 8. Qd2
h6 9. Bh4 g5 10. Bg3 a6 11. Nxe5 Qe7 12. Nc4 Bxg3 13. hxg3 Nc6 14. Nb6 Rb8 15.
O-O-O Be6 16. Rde1 Ne5 17. f4 Nxd3+ 18. Qxd3 Ng4 19. Re2 Rd8 20. Nbd5 Qd7 21.
fxg5 h5 22. Rh4 Kf8 23. Qf3 b5 24. Nf6 Qe7 25. Ncd5 Bxd5 26. exd5 Qd6 27. Rxh5
Rxh5 28. Nxh5 Qxd5 29. Re1 Qd2+ 0-1

[Event "Let's Play Chess!"]
[Site "http://www.queenalice.com/game.php?id=1853662"]
[Date "2025.3.14"]
[Round "-"]
[White "Mlintz"]
[Black "igor12345"]
[Result "0-1"]
[WhiteElo "1967"]
[BlackElo "1932"]

1. e4 c5 2. c3 Nc6 3. Nf3 d6 4. d3 h6 5. b3 Nf6 6. Bb2 Bg4 7. Nbd2 e5 8. Be2 Be7
9. h3 Bd7 10. Qc2 a6 11. a4 O-O 12. O-O Qc7 13. d4 Rac8 14. dxe5 dxe5 15. Rad1
Nb8 16. c4 Bd6 17. Rfe1 Nc6 18. Nf1 Nd4 19. Nxd4 cxd4 20. Qb1 Bc6 21. f3 Qb6 22.
Rd3 Bb4 23. Rc1 Nd7 24. Kh1 Nc5 25. Rdd1 Rfd8 26. Nd2 Ba5 27. Ba3 Bc3 28. Bxc5
Qxc5 29. Nf1 b5 30. cxb5 axb5 31. axb5 Bxb5 32. Bxb5 Qxb5 33. Nd2 Rb8 34. Nc4 f6
35. Nd2 Qb4 36. Nc4 Qxb3 37. Qxb3 Rxb3 38. Nd2 Bxd2 39. Rxd2 Rd7 40. Kg1 Kf7 41.
Kf2 g6 42. Ke2 f5 43. exf5 gxf5 44. Rd3 Rb2+ 45. Rd2 d3+ 46. Ke1 Rb6 47. Kf2 Kf6
48. g3 Ke6 49. Rc3 e4 50. f4 Kd5 51. Ke3 Rg7 52. Rg2 Rbg6 53. Kf2 Kd4 0-1

[Event "Challenge"]
[Site "http://www.queenalice.com/game.php?id=1853846"]
[Date "2025.3.14"]
[Round "-"]
[White "crisvolei"]
[Black "Mlintz"]
[Result "0-1"]
[WhiteElo "1680"]
[BlackElo "1936"]

1. e4 e5 2. Qf3 g6 3. g4 Bg7 4. h4 d6 5. d4 Nf6 6. Bh3 exd4 7. Ne2 c5 8. Bg5 Nc6
9. Nd2 Ne5 10. Qf4 h6 11. Bxf6 Bxf6 12. h5 g5 13. Qg3 b5 14. a4 Bd7 15. f4 gxf4
16. Nxf4 Bh4 17. Qxh4 Qxh4+ 18. Ke2 Bxg4+ 19. Bxg4 Qxg4+ 20. Ke1 Qxf4 21. Rf1
Qg3+ 22. Kd1 b4 23. b3 Rg8 24. Kc1 Qg2 25. Kb2 Qxd2 26. Rf6 Qc3+ 27. Kb1 Rg1+
28. Ka2 Qxc2# 0-1

[Event "Challenge"]
[Site "http://www.queenalice.com/game.php?id=1853847"]
[Date "2025.3.14"]
[Round "-"]
[White "Mlintz"]
[Black "crisvolei"]
[Result "1-0"]
[WhiteElo "1962"]
[BlackElo "1637"]

1. e4 e5 2. Nf3 Qf6 3. d3 h6 4. Nc3 c6 5. b3 Bc5 6. Na4 Bb4+ 7. c3 b5 8. cxb4
bxa4 9. bxa4 g5 10. g3 d5 11. Bb2 d4 12. Rc1 Ba6 13. b5 cxb5 14. axb5 Bxb5 15.
Rc5 Bc6 16. Rxe5+ Ne7 17. Bxd4 Qd6 18. Rxe7+ Qxe7 19. Bxh8 Bxe4 20. dxe4 Qb4+
21. Nd2 Nc6 22. Bg2 Qb5 23. Qb1 Qa5 24. e5 O-O-O 25. Qc2 Kc7 26. Be4 Rxd2 27.
Qxd2 Nb4 28. Qc3+ Kb6 29. O-O h5 30. Rb1 Qxa2 31. Rxb4+ Ka6 32. Qc6+ Ka5 33.
Qb5# 1-0